| 000 | 00704nam a2200241 i 4500 | ||
|---|---|---|---|
| 001 | 19113 | ||
| 003 | ES-MaACL | ||
| 005 | 20250907063034.0 | ||
| 007 | t| | ||
| 008 | 020517s2001 sp ||||1| spa d | ||
| 020 | _a84-8428-108-6 | ||
| 080 | _a821.111-31"18" | ||
| 100 | 1 |
_aButler, Samuel, _d1835-1902 _9156028 |
|
| 245 | 1 | 3 |
_aEl destino de la carne / _cSamuel Butler ; traducción Juan Jesús Zaro. |
| 250 | _a1ª ed. | ||
| 260 |
_aBarcelona : _bAlba, _c2001. |
||
| 300 |
_a559 p. ; _c21 cm. |
||
| 490 | 1 |
_aAlba clásica ; _v52 |
|
| 700 | 1 |
_aZaro, Juan Jesús. _9118080 |
|
| 830 | 0 |
_aAlba clásica ; _v52 _9179792 |
|
| 852 |
_aES-MaACL _jL-25520 _bR.130773 |
||
| 999 |
_c19113 _d19113 |
||